000 01343cam a2200445 4500
003 PE-LiUPU
005 20250731173259.0
020 _a8430110593
035 _a(Sirsi) i9788430110599
035 _a(Sirsi) 13642
035 _a(Sirsi) 13642
041 _aes
044 _aes
082 0 4 _a262.7
_bD66
100 1 _aDianich, Severino
245 _aIglesia en misión: hacia una eclesiología dinámica.
264 1 _aSalamanca :
_bEdiciones Sígueme,
_c1988
300 _a287 páginas :
_b21 cm.
490 0 _aVerdad e imagen
_v108
504 _aNotas bibliográficas al pie de páginas
505 0 _aRevisión histórica -- Interpretación teológica -- Para una criteriología.
526 _aSEG42
526 _aSEG41
526 _aSEG40
526 _aSEG39
526 _aP94
526 _aP87
526 _aP86
526 _aP85
526 _aP77
526 _aP76
526 _aP35
650 _jIGLESIA
942 _2ddc
_cBOOK
949 _a262.7 D66
_i30452
_lCCODEBUL1
_mBUL
_tLIBRO
_o.STAFF. Circulación
859 _q30452
_h262.7
_iD66
910 _aaj-em
596 _a1
999 _a262.7 D66
_wDEWEY
_c44012
_i30452
_d44012
_f2021-11-10
_g5
_lCCODEBUL1
_mBUL
_q1
_r0
_sY
_tBOOK
_u2015-6-16
_xTEOLOGIA
_zUNKNOWN
_0COMPRA
_o.STAFF. Colección General
980 _81
_gALBERTO SANCHEZ Responsable de Automatización